Ruido 2014 : monitoreo de ruido ambiente en la ciudad de Cuenca (2009-2014) /

Bibliographic Details
Main Author: Delgado Inga, Omar (Author)
Format: Electronic eBook
Language:Spanish
Published: Cuenca, Ecuador : Universidad del Azuay : Gobierno Autónomo Descentralizado del Cantón Cuenca, [2015]
Subjects:
Online Access:Digitalia Hispánica

MARC

LEADER 00000nam a2200000 i 4500
001 DIGUAZUAY0051
003 NyNyDIG
007 cr |||||||||||
008 260115s2015 ec ab o 000 0 spa d
006 m o d
035 |a (OCoLC)1569883658 
040 |a DGITA  |b eng  |e rda  |e pn  |c DGITA 
020 |z 9789978325407 
043 |a s-ec--- 
050 1 4 |a TD893.5.E5 ebook 
245 0 0 |a Ruido 2014 :  |b monitoreo de ruido ambiente en la ciudad de Cuenca (2009-2014) /  |c Omar Delgado Inga [and 7 others]. 
246 1 4 |a Ruido 2014 :  |b Cuenca-Ecuador 
264 1 |a Cuenca, Ecuador :  |b Universidad del Azuay :  |b Gobierno Autónomo Descentralizado del Cantón Cuenca,  |c [2015] 
300 |a 1 online resource :  |b illustrations, maps. 
336 |a text  |b txt  |2 rdacontent 
337 |a computer  |b c  |2 rdamedia 
338 |a online resource  |b cr  |2 rdacarrier 
347 |a text file  |2 rdaft 
347 |b PDF 
588 0 |a Online resource; title from PDF title page (Digitalia, viewed January 15, 2026) 
650 0 |a Noise pollution  |z Ecuador  |z Cuenca  |x Measurement. 
650 0 |a Noise control  |z Ecuador  |z Cuenca. 
700 1 |a Delgado Inga, Omar,  |e author. 
776 0 8 |i Print version:  |t Ruido 2014.  |d Cuenca, Ecuador : Universidad del Azuay : Gobierno Autónomo Descentralizado del Cantón Cuenca, [2015]  |z 9789978325407 
791 2 |a Digitalia (Firm),  |e distributor. 
793 0 |g Digitalia eBook Collection:  |a Universidad del Azuay 
856 4 0 |3 Digitalia Hispánica  |u https://www.digitaliapublishing.com/a/133434/ 
910 |a Premium collection: 2026